Historia razonada de los principales sucesos de la gloriosa revolución de España / escrita por el doctor Josef Clemente Carnicero
Descripción Física:
[4] v. ; 15 cm
MARC
| LEADER | 00000nam a2200000Ia 4500 | ||
|---|---|---|---|
| 001 | 14594, 14595 | ||
| 008 | 160829s9999 xx 000 0 cat d | ||
| 080 | |a H-2-168, H-2-169 | ||
| 100 | |a Carnicero, José Clemente |9 38437 | ||
| 245 | |a Historia razonada de los principales sucesos de la gloriosa revolución de España / escrita por el doctor Josef Clemente Carnicero | ||
| 260 | |a Madrid : |b Imprenta de la Compañía, [1814] - 1815 | ||
| 300 | |a [4] v. ; |c 15 cm | ||
| 651 | 0 | |a Espanya |x Història |y 1808-1814, Invasió napoleònica |9 55575 | |
| 866 | |a 3, 4 | ||
| 901 | |a Arxiu | ||
| 942 | |n 1 | ||
| 952 | |0 0 |1 0 |4 0 |6 H2168_H2169 |7 1 |9 48419 |a Arxiu |b Arxiu |d 2016-12-01 |l 0 |o H-2-168, H-2-169 |p 14594, 14595 |r 2016-12-01 00:00:00 |w 2016-12-01 |y ARXIU | ||
| 999 | |c 52247 |d 52247 | ||